[Event "ODJM A 2025"]
[Site "Willingen GER"]
[Date "2025.06.09"]
[Round "3"]
[White "Meyer, Henry Paul"]
[Black "Schmidt, Boris"]
[Result "0-1"]
[Termination "normal"]
[Board "33"]
[WhiteElo "1841"]
[BlackElo "1930"]
[WhiteClock "00:09:15"]
[BlackClock "01:06:29"]
[PlyCount "164"]
[WhiteFideId "34645802"]
[BlackFideId "16238036"]
[EventCountry "GER"]
[EventRounds "9"]
[EventType "swiss"]
[EventDate "2025.06.07"]

1. Nf3 {[%clk 01:30:57]} {[%emt 00:00:03]} Nf6 {[%clk 01:30:55]} {[%emt
00:00:09]} 2. g3 {[%clk 01:31:22]} {[%emt 00:00:02]} d5 {[%clk 01:31:20]}
{[%emt 00:00:04]} 3. Bg2 {[%clk 01:31:47]} {[%emt 00:00:04]} c6 {[%clk
01:31:13]} {[%emt 00:00:37]} 4. O-O {[%clk 01:31:48]} {[%emt 00:00:29]} Bf5
{[%clk 01:31:24]} {[%emt 00:00:19]} 5. c4 {[%clk 01:30:21]} {[%emt 00:01:57]}
e6 {[%clk 01:31:50]} {[%emt 00:00:05]} 6. Qb3 {[%clk 01:29:44]} {[%emt
00:01:07]} Qb6 {[%clk 01:32:12]} {[%emt 00:00:08]} 7. d3 {[%clk 01:29:42]}
{[%emt 00:00:32]} Be7 {[%clk 01:32:16]} {[%emt 00:00:25]} 8. Be3 {[%clk
01:29:03]} {[%emt 00:01:08]} Qxb3 {[%clk 01:31:15]} {[%emt 00:01:33]} 9. axb3
{[%clk 01:29:25]} {[%emt 00:00:08]} Na6 {[%clk 01:31:44]} 10. Nc3 {[%clk
01:24:01]} {[%emt 00:05:53]} O-O {[%clk 01:31:30]} {[%emt 00:00:45]} 11. Nh4
{[%clk 01:22:34]} {[%emt 00:01:56]} Bg6 {[%clk 01:29:51]} {[%emt 00:02:09]} 12.
Nxg6 {[%clk 01:22:09]} {[%emt 00:00:54]} hxg6 {[%clk 01:30:15]} {[%emt
00:00:06]} 13. h3 {[%clk 01:11:58]} {[%emt 00:10:42]} Rfd8 {[%clk 01:21:48]}
{[%emt 00:08:57]} 14. d4 {[%clk 01:04:18]} {[%emt 00:08:09]} Nd7 {[%clk
01:10:27]} {[%emt 00:11:52]} 15. cxd5 {[%clk 00:52:52]} {[%emt 00:11:55]} exd5
{[%clk 01:07:09]} {[%emt 00:03:49]} 16. Rfc1 {[%clk 00:50:37]} {[%emt
00:02:44]} Nf8 {[%clk 01:06:57]} {[%emt 00:00:42]} 17. h4 {[%clk 00:46:05]}
{[%emt 00:05:02]} Ne6 {[%clk 01:01:34]} {[%emt 00:05:54]} 18. Bh3 {[%clk
00:42:55]} {[%emt 00:03:39]} Nac7 {[%clk 01:01:41]} {[%emt 00:00:25]} 19. Na4
{[%clk 00:37:17]} {[%emt 00:06:08]} f5 {[%clk 00:56:06]} {[%emt 00:06:05]} 20.
Nc3 {[%clk 00:25:56]} {[%emt 00:11:50]} Bf6 {[%clk 00:56:10]} {[%emt 00:00:26]}
21. h5 {[%clk 00:22:48]} {[%emt 00:03:38]} Kf7 {[%clk 00:56:13]} {[%emt
00:00:26]} 22. Rd1 {[%clk 00:16:54]} {[%emt 00:06:24]} c5 {[%clk 00:56:17]}
{[%emt 00:00:27]} 23. Na4 {[%clk 00:14:56]} {[%emt 00:02:27]} cxd4 {[%clk
00:55:30]} {[%emt 00:01:18]} 24. Bd2 {[%clk 00:14:46]} {[%emt 00:00:39]} b5
{[%clk 00:55:46]} {[%emt 00:00:15]} 25. Ba5 {[%clk 00:13:06]} {[%emt 00:02:10]}
bxa4 {[%clk 00:55:48]} {[%emt 00:00:29]} 26. Rac1 {[%clk 00:12:55]} {[%emt
00:00:40]} Rd7 {[%clk 00:56:01]} {[%emt 00:00:16]} 27. hxg6+ {[%clk 00:12:17]}
{[%emt 00:01:08]} Kxg6 {[%clk 00:55:23]} {[%emt 00:01:09]} 28. Rc6 {[%clk
00:11:20]} {[%emt 00:01:27]} Ng5 {[%clk 00:52:08]} {[%emt 00:03:45]} 29. Bg2
{[%clk 00:11:03]} {[%emt 00:00:47]} Ne8 {[%clk 00:51:23]} {[%emt 00:01:15]} 30.
Rxd4 {[%clk 00:08:32]} {[%emt 00:03:01]} Rd6 {[%clk 00:50:18]} {[%emt
00:01:34]} 31. Rxd6 {[%clk 00:09:00]} {[%emt 00:00:03]} Nxd6 {[%clk 00:50:40]}
{[%emt 00:00:08]} 32. Rxd5 {[%clk 00:09:13]} {[%emt 00:00:17]} Nde4 {[%clk
00:51:04]} {[%emt 00:00:06]} 33. bxa4 {[%clk 00:07:00]} {[%emt 00:02:43]} Rb8
{[%clk 00:50:51]} {[%emt 00:00:43]} 34. b4 {[%clk 00:05:54]} {[%emt 00:01:36]}
Nc3 {[%clk 00:51:17]} {[%emt 00:00:04]} 35. Rd7 {[%clk 00:05:29]} {[%emt
00:00:55]} Nxa4 {[%clk 00:50:45]} {[%emt 00:01:01]} 36. Rxa7 {[%clk 00:05:11]}
{[%emt 00:00:49]} Nc3 {[%clk 00:51:10]} {[%emt 00:00:05]} 37. e3 {[%clk
00:04:43]} {[%emt 00:00:58]} Nge4 {[%clk 00:49:57]} {[%emt 00:01:42]} 38. Bf1
{[%clk 00:04:02]} {[%emt 00:01:11]} Bd8 {[%clk 00:49:16]} {[%emt 00:01:11]} 39.
Ra6+ {[%clk 00:03:51]} {[%emt 00:00:42]} Nf6 {[%clk 00:47:52]} {[%emt
00:01:54]} 40. Bxd8 {[%clk 00:03:34]} {[%emt 00:00:47]} Rxd8 {[%clk 00:48:21]}
41. b5 {[%clk 00:03:47]} {[%emt 00:00:17]} Rb8 {[%clk 00:48:03]} {[%emt
00:00:48]} 42. Ra3 {[%clk 00:03:18]} {[%emt 00:00:59]} Nce4 {[%clk 00:47:58]}
{[%emt 00:00:35]} 43. Kg2 {[%clk 00:01:58]} {[%emt 00:01:50]} Nd6 {[%clk
00:46:21]} {[%emt 00:02:07]} 44. f3 {[%clk 00:01:34]} {[%emt 00:00:54]} Nfe8
{[%clk 00:46:46]} {[%emt 00:00:06]} 45. Rb3 {[%clk 00:29:55]} {[%emt 00:02:08]}
Rb6 {[%clk 01:17:08]} {[%emt 00:00:09]} 46. Bd3 {[%clk 00:28:57]} {[%emt
00:01:28]} Kf6 {[%clk 01:16:27]} {[%emt 00:01:11]} 47. e4 {[%clk 00:28:18]}
{[%emt 00:01:09]} fxe4 {[%clk 01:16:50]} {[%emt 00:00:07]} 48. fxe4 {[%clk
00:27:39]} {[%emt 00:01:08]} Ke5 {[%clk 01:17:16]} {[%emt 00:00:04]} 49. Kf3
{[%clk 00:27:06]} {[%emt 00:01:03]} Nc7 {[%clk 01:16:59]} {[%emt 00:00:48]} 50.
Rc3 {[%clk 00:26:47]} {[%emt 00:00:48]} Ne6 {[%clk 01:17:22]} {[%emt 00:00:07]}
51. Ke3 {[%clk 00:26:25]} {[%emt 00:00:53]} Rb7 {[%clk 01:14:40]} {[%emt
00:03:11]} 52. Rc6 {[%clk 00:23:16]} {[%emt 00:03:40]} Nxb5 {[%clk 01:13:29]}
{[%emt 00:01:41]} 53. Bc4 {[%clk 00:22:27]} {[%emt 00:01:18]} Nbd4 {[%clk
01:13:09]} {[%emt 00:00:50]} 54. Ra6 {[%clk 00:22:08]} {[%emt 00:00:50]} Rc7
{[%clk 01:12:15]} {[%emt 00:01:23]} 55. Ra5+ {[%clk 00:20:57]} {[%emt
00:01:41]} Rc5 {[%clk 01:08:43]} {[%emt 00:04:02]} 56. Rxc5+ {[%clk 00:19:31]}
{[%emt 00:01:56]} Nxc5 {[%clk 01:07:48]} {[%emt 00:01:25]} 57. Bd5 {[%clk
00:18:36]} {[%emt 00:01:26]} Nde6 {[%clk 01:07:29]} {[%emt 00:00:49]} 58. Kf3
{[%clk 00:16:56]} {[%emt 00:02:09]} Ng5+ {[%clk 01:07:44]} {[%emt 00:00:14]}
59. Kg4 {[%clk 00:17:18]} {[%emt 00:00:09]} Ngxe4 {[%clk 01:08:08]} {[%emt
00:00:07]} 60. Ba2 {[%clk 00:16:26]} {[%emt 00:01:22]} Ne6 {[%clk 01:06:51]}
{[%emt 00:01:46]} 61. Kh4 {[%clk 00:13:28]} {[%emt 00:03:28]} g5+ {[%clk
01:04:56]} {[%emt 00:02:25]} 62. Kg4 {[%clk 00:12:55]} {[%emt 00:01:03]} Nf6+
{[%clk 01:05:23]} {[%emt 00:00:04]} 63. Kf3 {[%clk 00:13:02]} {[%emt 00:00:22]}
Nd4+ {[%clk 01:05:49]} {[%emt 00:00:05]} 64. Kg2 {[%clk 00:12:24]} {[%emt
00:01:07]} Ke4 {[%clk 01:05:57]} {[%emt 00:00:22]} 65. Bc4 {[%clk 00:11:58]}
{[%emt 00:00:57]} Ng4 {[%clk 01:04:14]} {[%emt 00:02:13]} 66. Ba6 {[%clk
00:11:55]} {[%emt 00:00:33]} Ke3 {[%clk 01:02:35]} {[%emt 00:02:09]} 67. Bb7
{[%clk 00:11:15]} {[%emt 00:01:10]} Nf2 {[%clk 01:02:54]} {[%emt 00:00:11]} 68.
Bc8 {[%clk 00:11:05]} {[%emt 00:00:39]} Ne2 {[%clk 01:02:47]} {[%emt 00:00:37]}
69. Bd7 {[%clk 00:11:09]} {[%emt 00:00:26]} Ne4 {[%clk 01:02:43]} {[%emt
00:00:34]} 70. Kh3 {[%clk 00:10:43]} {[%emt 00:00:55]} Nf6 {[%clk 01:02:59]}
{[%emt 00:00:15]} 71. Bc8 {[%clk 00:10:49]} {[%emt 00:00:24]} Kf2 {[%clk
01:03:22]} {[%emt 00:00:07]} 72. Bb7 {[%clk 00:09:57]} {[%emt 00:01:21]} Nxg3
{[%clk 01:03:40]} {[%emt 00:00:13]} 73. Bc8 {[%clk 00:10:06]} {[%emt 00:00:21]}
Kf3 {[%clk 01:04:02]} {[%emt 00:00:08]} 74. Bg4+ {[%clk 00:09:30]} {[%emt
00:01:06]} Kf4 {[%clk 01:04:11]} {[%emt 00:00:22]} 75. Bc8 {[%clk 00:08:36]}
{[%emt 00:01:24]} Nf5 {[%clk 01:04:35]} {[%emt 00:00:05]} 76. Kg2 {[%clk
00:08:50]} {[%emt 00:00:15]} g4 {[%clk 01:05:00]} {[%emt 00:00:07]} 77. Bb7
{[%clk 00:08:31]} {[%emt 00:00:48]} Ne3+ {[%clk 01:04:30]} {[%emt 00:01:00]}
78. Kf2 {[%clk 00:08:37]} {[%emt 00:00:24]} g3+ {[%clk 01:04:56]} {[%emt
00:00:05]} 79. Kg1 {[%clk 00:09:03]} {[%emt 00:00:03]} Nfg4 {[%clk 01:05:19]}
{[%emt 00:00:08]} 80. Bc6 {[%clk 00:09:15]} {[%emt 00:00:18]} Ne5 {[%clk
01:05:40]} {[%emt 00:00:09]} 81. Bb7 {[%clk 00:08:49]} {[%emt 00:00:55]} Nf3+
{[%clk 01:06:05]} {[%emt 00:00:05]} 82. Kh1 {[%clk 00:09:15]} {[%emt 00:00:04]}
g2# {[%clk 01:06:29]} {[%emt 00:00:05]} 0-1

[Event "ODJM A 2025"]
[Site "Willingen GER"]
[Date "2025.06.09"]
[Round "3"]
[White "Arne, Jonas"]
[Black "Seifert, Hendrik"]
[Result "1/2-1/2"]
[Termination "normal"]
[Board "34"]
[WhiteElo "1938"]
[BlackElo "1811"]
[WhiteClock "01:09:57"]
[BlackClock "00:12:40"]
[PlyCount "45"]
[WhiteFideId "34640398"]
[BlackFideId "16241193"]
[EventCountry "GER"]
[EventRounds "9"]
[EventType "swiss"]
[EventDate "2025.06.07"]

1. d4 {[%clk 01:30:58]} d5 {[%clk 01:30:55]} {[%emt 00:00:04]} 2. Nf3 {[%clk
01:31:22]} {[%emt 00:00:08]} e6 {[%clk 01:31:13]} {[%emt 00:00:11]} 3. c4
{[%clk 01:31:45]} {[%emt 00:00:07]} a6 {[%clk 01:31:39]} {[%emt 00:00:04]} 4.
g3 {[%clk 01:31:08]} {[%emt 00:01:06]} dxc4 {[%clk 01:31:24]} {[%emt 00:00:45]}
5. Bg2 {[%clk 01:31:28]} {[%emt 00:00:09]} b5 {[%clk 01:31:48]} {[%emt
00:00:08]} 6. a4 {[%clk 01:31:26]} {[%emt 00:00:32]} Bb7 {[%clk 01:30:35]}
{[%emt 00:01:42]} 7. b3 {[%clk 01:30:43]} {[%emt 00:01:14]} Bb4+ {[%clk
01:26:05]} {[%emt 00:05:00]} 8. Bd2 {[%clk 01:29:02]} {[%emt 00:02:10]} Bxd2+
{[%clk 01:24:08]} {[%emt 00:02:27]} 9. Qxd2 {[%clk 01:29:12]} {[%emt 00:00:20]}
c5 {[%clk 01:07:37]} {[%emt 00:17:01]} 10. axb5 {[%clk 01:25:50]} {[%emt
00:03:53]} axb5 {[%clk 01:04:28]} {[%emt 00:03:38]} 11. Rxa8 {[%clk 01:23:58]}
{[%emt 00:02:22]} Bxa8 {[%clk 00:55:34]} {[%emt 00:09:24]} 12. bxc4 {[%clk
01:23:22]} {[%emt 00:01:06]} bxc4 {[%clk 00:51:45]} {[%emt 00:04:19]} 13. O-O
{[%clk 01:18:01]} {[%emt 00:05:51]} Bxf3 {[%clk 00:32:39]} {[%emt 00:19:36]}
14. Bxf3 {[%clk 01:17:52]} {[%emt 00:00:39]} cxd4 {[%clk 00:32:42]} {[%emt
00:00:27]} 15. Rd1 {[%clk 01:17:21]} {[%emt 00:01:01]} e5 {[%clk 00:29:42]}
{[%emt 00:03:30]} 16. e3 {[%clk 01:09:37]} {[%emt 00:08:13]} Ne7 {[%clk
00:17:47]} {[%emt 00:12:26]} 17. exd4 {[%clk 01:09:07]} {[%emt 00:01:00]} exd4
{[%clk 00:17:47]} {[%emt 00:00:30]} 18. Qxd4 {[%clk 01:09:28]} {[%emt
00:00:09]} Qxd4 {[%clk 00:18:08]} {[%emt 00:00:09]} 19. Rxd4 {[%clk 01:09:55]}
{[%emt 00:00:04]} O-O {[%clk 00:14:56]} {[%emt 00:03:41]} 20. Rxc4 {[%clk
01:10:17]} {[%emt 00:00:09]} Rc8 {[%clk 00:13:47]} {[%emt 00:01:38]} 21. Rxc8+
{[%clk 01:09:42]} {[%emt 00:01:05]} Nxc8 {[%clk 00:14:10]} {[%emt 00:00:06]}
22. Nc3 {[%clk 01:09:59]} {[%emt 00:00:14]} Ne7 {[%clk 00:12:40]} {[%emt
00:02:00]} 23. Nd5 {[%clk 01:09:57]} {[%emt 00:00:32]} 1/2-1/2

[Event "ODJM A 2025"]
[Site "Willingen GER"]
[Date "2025.06.09"]
[Round "3"]
[White "Paeslack, Luis"]
[Black "Direk, Oguzhan"]
[Result "1-0"]
[Termination "normal"]
[Board "35"]
[WhiteElo "2091"]
[BlackElo "1912"]
[WhiteClock "00:19:30"]
[BlackClock "00:37:53"]
[PlyCount "97"]
[WhiteFideId "12987760"]
[BlackFideId "16294343"]
[EventCountry "GER"]
[EventRounds "9"]
[EventType "swiss"]
[EventDate "2025.06.07"]

1. d4 {[%clk 01:30:57]} {[%emt 00:00:01]} d5 {[%clk 01:30:54]} {[%emt
00:00:10]} 2. c4 {[%clk 01:31:21]} {[%emt 00:00:02]} e6 {[%clk 01:31:21]}
{[%emt 00:00:03]} 3. Nc3 {[%clk 01:31:35]} {[%emt 00:00:16]} c6 {[%clk
01:31:44]} {[%emt 00:00:09]} 4. e3 {[%clk 01:29:33]} {[%emt 00:02:29]} Bd6
{[%clk 01:31:50]} {[%emt 00:00:24]} 5. Nf3 {[%clk 01:27:43]} {[%emt 00:02:21]}
f5 {[%clk 01:29:56]} {[%emt 00:02:23]} 6. Bd3 {[%clk 01:26:50]} {[%emt
00:01:23]} Nf6 {[%clk 01:30:09]} {[%emt 00:00:17]} 7. O-O {[%clk 01:26:38]}
{[%emt 00:00:42]} O-O {[%clk 01:29:15]} {[%emt 00:01:25]} 8. b3 {[%clk
01:24:44]} {[%emt 00:02:24]} Ne4 {[%clk 01:21:30]} {[%emt 00:08:14]} 9. Ne2
{[%clk 01:16:29]} {[%emt 00:08:44]} Bd7 {[%clk 01:07:16]} {[%emt 00:14:45]} 10.
Bb2 {[%clk 01:07:27]} {[%emt 00:09:32]} Be8 {[%clk 01:05:47]} {[%emt 00:01:59]}
11. Ne5 {[%clk 01:04:31]} {[%emt 00:03:26]} Nd7 {[%clk 00:59:39]} {[%emt
00:06:38]} 12. f3 {[%clk 00:58:30]} {[%emt 00:06:31]} Nef6 {[%clk 00:55:08]}
{[%emt 00:05:01]} 13. c5 {[%clk 00:42:24]} {[%emt 00:16:36]} Bc7 {[%clk
00:52:41]} {[%emt 00:02:57]} 14. b4 {[%clk 00:42:19]} {[%emt 00:00:35]} Qe7
{[%clk 00:46:11]} {[%emt 00:06:59]} 15. a4 {[%clk 00:35:55]} {[%emt 00:06:54]}
Nxe5 {[%clk 00:43:20]} {[%emt 00:03:22]} 16. dxe5 {[%clk 00:36:20]} {[%emt
00:00:05]} Nd7 {[%clk 00:43:46]} {[%emt 00:00:04]} 17. f4 {[%clk 00:32:57]}
{[%emt 00:03:54]} Bh5 {[%clk 00:43:17]} {[%emt 00:00:58]} 18. Qc2 {[%clk
00:30:17]} {[%emt 00:03:10]} Bxe2 {[%clk 00:41:38]} {[%emt 00:02:08]} 19. Qxe2
{[%clk 00:29:53]} {[%emt 00:00:55]} b6 {[%clk 00:40:21]} {[%emt 00:01:47]} 20.
Rfc1 {[%clk 00:23:41]} {[%emt 00:06:42]} Rfc8 {[%clk 00:36:58]} {[%emt
00:03:53]} 21. cxb6 {[%clk 00:16:14]} {[%emt 00:07:57]} Bxb6 {[%clk 00:27:40]}
{[%emt 00:09:48]} 22. Ba6 {[%clk 00:16:07]} {[%emt 00:00:37]} Rcb8 {[%clk
00:21:21]} {[%emt 00:06:49]} 23. a5 {[%clk 00:11:19]} {[%emt 00:05:18]} Bd8
{[%clk 00:20:05]} {[%emt 00:01:46]} 24. Ba3 {[%clk 00:11:03]} {[%emt 00:00:46]}
Qe8 {[%clk 00:20:22]} {[%emt 00:00:13]} 25. Qc2 {[%clk 00:07:53]} {[%emt
00:03:40]} Be7 {[%clk 00:20:17]} {[%emt 00:00:36]} 26. Rab1 {[%clk 00:06:38]}
{[%emt 00:01:45]} c5 {[%clk 00:19:33]} {[%emt 00:01:14]} 27. bxc5 {[%clk
00:06:46]} {[%emt 00:00:22]} Qd8 {[%clk 00:19:57]} {[%emt 00:00:05]} 28. Rxb8
{[%clk 00:05:03]} {[%emt 00:02:13]} Rxb8 {[%clk 00:20:01]} {[%emt 00:00:26]}
29. c6 {[%clk 00:04:38]} {[%emt 00:00:55]} Bxa3 {[%clk 00:17:25]} {[%emt
00:03:06]} 30. c7 {[%clk 00:04:56]} {[%emt 00:00:11]} Qf8 {[%clk 00:17:37]}
{[%emt 00:00:18]} 31. Ra1 {[%clk 00:01:36]} {[%emt 00:03:51]} Bc5 {[%clk
00:16:10]} {[%emt 00:01:58]} 32. cxb8=Q {[%clk 00:01:39]} {[%emt 00:00:26]}
Nxb8 {[%clk 00:15:51]} {[%emt 00:00:48]} 33. Qd3 {[%clk 00:01:19]} {[%emt
00:00:50]} Nc6 {[%clk 00:13:36]} {[%emt 00:02:45]} 34. Bb5 {[%clk 00:00:42]}
{[%emt 00:01:07]} Nb4 {[%clk 00:13:57]} {[%emt 00:00:10]} 35. Qe2 {[%clk
00:00:44]} {[%emt 00:00:28]} d4 {[%clk 00:13:17]} {[%emt 00:01:10]} 36. Bc4
{[%clk 00:00:50]} {[%emt 00:00:24]} Nd5 {[%clk 00:11:43]} {[%emt 00:02:03]} 37.
Bxd5 {[%clk 00:00:51]} {[%emt 00:00:29]} exd5 {[%clk 00:12:12]} {[%emt
00:00:02]} 38. Rd1 {[%clk 00:00:58]} {[%emt 00:00:23]} dxe3 {[%clk 00:12:02]}
{[%emt 00:00:40]} 39. Rxd5 {[%clk 00:00:47]} {[%emt 00:00:41]} g5 {[%clk
00:11:02]} {[%emt 00:01:30]} 40. g3 {[%clk 00:00:35]} {[%emt 00:00:42]} gxf4
{[%clk 00:10:34]} {[%emt 00:00:57]} 41. Qc4 {[%clk 00:21:02]} {[%emt 00:10:03]}
f3 {[%clk 00:36:39]} {[%emt 00:04:25]} 42. Rxc5+ {[%clk 00:21:21]} {[%emt
00:00:11]} Kg7 {[%clk 00:37:04]} {[%emt 00:00:05]} 43. Rc7+ {[%clk 00:19:28]}
{[%emt 00:02:24]} Kg6 {[%clk 00:37:06]} {[%emt 00:00:27]} 44. Qc6+ {[%clk
00:19:07]} {[%emt 00:00:51]} Kg5 {[%clk 00:37:27]} {[%emt 00:00:09]} 45. Qf6+
{[%clk 00:18:11]} {[%emt 00:01:26]} Qxf6 {[%clk 00:36:54]} {[%emt 00:01:03]}
46. exf6 {[%clk 00:18:39]} {[%emt 00:00:02]} Kxf6 {[%clk 00:37:12]} {[%emt
00:00:12]} 47. Rc3 {[%clk 00:18:52]} {[%emt 00:00:17]} f4 {[%clk 00:37:27]}
{[%emt 00:00:15]} 48. gxf4 {[%clk 00:19:11]} {[%emt 00:00:11]} e2 {[%clk
00:37:53]} {[%emt 00:00:04]} 49. Kf2 {[%clk 00:19:30]} {[%emt 00:00:11]} 1-0

[Event "ODJM A 2025"]
[Site "Willingen GER"]
[Date "2025.06.09"]
[Round "3"]
[White "Jürgenpott, Maximilian"]
[Black "Pimenov, Danil"]
[Result "0-1"]
[Termination "normal"]
[Board "36"]
[WhiteElo "1867"]
[BlackElo "1945"]
[WhiteClock "00:00:38"]
[BlackClock "00:52:08"]
[PlyCount "54"]
[WhiteFideId "16297733"]
[BlackFideId "34600248"]
[EventCountry "GER"]
[EventRounds "9"]
[EventType "swiss"]
[EventDate "2025.06.07"]

1. Nf3 {[%clk 01:30:57]} Nf6 {[%clk 01:30:56]} {[%emt 00:00:05]} 2. e3 {[%clk
01:31:22]} {[%emt 00:00:06]} g6 {[%clk 01:31:21]} {[%emt 00:00:02]} 3. c4
{[%clk 01:31:45]} {[%emt 00:00:06]} Bg7 {[%clk 01:31:47]} {[%emt 00:00:06]} 4.
Nc3 {[%clk 01:31:57]} {[%emt 00:00:19]} O-O {[%clk 01:32:09]} {[%emt 00:00:06]}
5. d4 {[%clk 01:31:41]} {[%emt 00:00:47]} d6 {[%clk 01:32:30]} {[%emt
00:00:09]} 6. Bd3 {[%clk 01:32:03]} {[%emt 00:00:08]} Nbd7 {[%clk 01:32:36]}
{[%emt 00:00:24]} 7. O-O {[%clk 01:31:42]} {[%emt 00:00:50]} e5 {[%clk
01:32:45]} {[%emt 00:00:22]} 8. b3 {[%clk 01:24:22]} {[%emt 00:07:50]} Re8
{[%clk 01:30:17]} {[%emt 00:02:59]} 9. Bc2 {[%clk 01:24:37]} {[%emt 00:00:14]}
c6 {[%clk 01:29:12]} {[%emt 00:01:35]} 10. Bb2 {[%clk 01:23:20]} {[%emt
00:01:46]} e4 {[%clk 01:25:54]} {[%emt 00:03:49]} 11. Nd2 {[%clk 01:23:45]}
{[%emt 00:00:05]} d5 {[%clk 01:26:14]} {[%emt 00:00:10]} 12. f3 {[%clk
01:23:45]} {[%emt 00:00:29]} exf3 {[%clk 01:26:05]} {[%emt 00:00:39]} 13. Qxf3
{[%clk 01:23:43]} {[%emt 00:00:32]} Nb6 {[%clk 01:21:28]} {[%emt 00:05:09]} 14.
c5 {[%clk 01:01:22]} {[%emt 00:22:50]} Bg4 {[%clk 01:18:23]} {[%emt 00:03:35]}
15. Qf2 {[%clk 00:57:02]} {[%emt 00:04:50]} Nbd7 {[%clk 01:18:09]} {[%emt
00:00:44]} 16. Rae1 {[%clk 00:55:12]} {[%emt 00:02:19]} b6 {[%clk 01:15:55]}
{[%emt 00:02:45]} 17. e4 {[%clk 00:41:08]} {[%emt 00:14:33]} Be6 {[%clk
01:11:55]} {[%emt 00:04:30]} 18. h3 {[%clk 00:17:16]} {[%emt 00:24:22]} dxe4
{[%clk 01:11:29]} {[%emt 00:00:56]} 19. Ncxe4 {[%clk 00:17:17]} {[%emt
00:00:30]} Nxe4 {[%clk 01:11:35]} {[%emt 00:00:24]} 20. Bxe4 {[%clk 00:16:56]}
{[%emt 00:00:50]} Qc7 {[%clk 01:06:38]} {[%emt 00:05:27]} 21. cxb6 {[%clk
00:12:56]} {[%emt 00:04:31]} axb6 {[%clk 01:06:32]} {[%emt 00:00:36]} 22. Rc1
{[%clk 00:11:46]} {[%emt 00:01:40]} Rxa2 {[%clk 01:04:06]} {[%emt 00:02:55]}
23. Rxc6 {[%clk 00:12:12]} {[%emt 00:00:05]} Qd8 {[%clk 01:03:12]} {[%emt
00:01:24]} 24. Bc3 {[%clk 00:09:04]} {[%emt 00:03:36]} Nb8 {[%clk 00:55:26]}
{[%emt 00:08:17]} 25. d5 {[%clk 00:04:17]} {[%emt 00:05:19]} Bxd5 {[%clk
00:53:26]} {[%emt 00:02:29]} 26. Bxd5 {[%clk 00:00:45]} {[%emt 00:04:02]} Qxd5
{[%clk 00:53:44]} {[%emt 00:00:10]} 27. Bxg7 {[%clk 00:00:38]} {[%emt
00:00:37]} Rxd2 {[%clk 00:52:08]} {[%emt 00:02:07]} 0-1